[Event "FIDE WCC Blitz Women 2019"]
[Site "Moscow"]
[Date "2019.12.30"]
[Round "14.33"]
[White "Mkrtchian, Lilit"]
[Black "Tsogzolmaa, Nanjid"]
[Result "1-0"]
[WhiteElo "2268"]
[BlackElo "1775"]
[Annotator "NA"]
[PlyCount "83"]
[EventDate "2019.12.29"]
[EventType "swiss"]
[EventCountry "RUS"]
[SourceTitle "playchess.com"]
[Source "ChessBase"]
[SourceQuality "1"]

1. c4 Nf6 2. Nc3 e6 3. e4 d6 4. d4 Be7 5. Nf3 O-O 6. Be2 c5 7. d5 exd5 8. cxd5 Nbd7 9. h3 a6 10. a4 Re8 11. O-O h6 12. Re1 Nf8 13. Bf4 Ng6 14. Bh2 Bf8 15. Nd2 Qb6 16. Nc4 Qd8 17. Bf1 Qc7 18. f4 Bd7 19. e5 Nh7 20. Qh5 b5 21. axb5 axb5 22. Rxa8 Rxa8 23. Nxd6 Bxd6 24. exd6 Qc8 25. Nxb5 Nf6 26. Qf3 Qb7 27. Nc7 Rd8 28. f5 Nf8 29. Be5 N8h7 30. Bc3 Bc8 31. Bc4 Rxd6 32. Ne8 Rd8 33. Nxf6+ gxf6 34. Qh5 Qd7 35. d6 Ng5 36. Bxf6 Qxd6 37. Bxg5 hxg5 38. Qxf7+ Kh8 39. Re8+ Rxe8 40. Qxe8+ Kh7 41. Qg8+ Kh6 42. Qh8# 1-0

[Event "FIDE WCC Blitz Women 2019"]
[Site "Moscow"]
[Date "2019.12.30"]
[Round "14.34"]
[White "Styazhkina, Anna"]
[Black "Potapova, Margarita"]
[Result "0-1"]
[WhiteElo "2159"]
[BlackElo "2259"]
[Annotator "NA"]
[PlyCount "74"]
[EventDate "2019.12.29"]
[EventType "swiss"]
[EventCountry "RUS"]
[SourceTitle "playchess.com"]
[Source "ChessBase"]
[SourceQuality "1"]

1. e4 c5 2. Nf3 d6 3. d4 cxd4 4. Qxd4 Nc6 5. Bb5 Bd7 6. Qd3 g6 7. c4 Bg7 8. Nc3 Nf6 9. O-O O-O 10. h3 a6 11. Bxc6 Bxc6 12. Be3 Nd7 13. Nd4 Nc5 14. Qc2 Rc8 15. Rfd1 Qa5 16. a3 Ne6 17. b4 Qh5 18. Qb3 Ng5 19. Nd5 Bxd5 20. exd5 Nxh3+ 21. gxh3 Qxh3 22. f4 Rxc4 23. Qxc4 Qxe3+ 24. Kg2 Qe4+ 25. Kg3 g5 26. Qf1 gxf4+ 27. Kh2 Bxd4 28. Ra2 Be5 29. Rg2+ Kh8 30. Rg4 f3+ 31. Kh3 Qf5 32. Kh4 Bf6+ 33. Kg3 h5 34. Rc4 Rg8+ 35. Kh2 Be5+ 36. Kh1 f2 37. Rh4 Qf3+ 0-1

[Event "FIDE WCC Blitz Women 2019"]
[Site "Moscow"]
[Date "2019.12.30"]
[Round "14.35"]
[White "Pourkashiyan, Atousa"]
[Black "Fominykh, Maria"]
[Result "1-0"]
[WhiteElo "2327"]
[BlackElo "2055"]
[Annotator "NA"]
[PlyCount "67"]
[EventDate "2019.12.29"]
[EventType "swiss"]
[EventCountry "RUS"]
[SourceTitle "playchess.com"]
[Source "ChessBase"]
[SourceQuality "1"]

1. e4 d6 2. d4 Nf6 3. Nc3 Nbd7 4. Nf3 e5 5. Bc4 Be7 6. O-O O-O 7. Re1 c6 8. a4 b6 9. b3 a6 10. Bb2 Qc7 11. Nh4 exd4 12. Qxd4 Ne5 13. Bf1 d5 14. exd5 Nfg4 15. Rxe5 Nxe5 16. Ne2 Bxh4 17. Qxh4 cxd5 18. Nf4 Bb7 19. Qg3 Ng6 20. Nxg6 Qxg3 21. Ne7+ Kh8 22. hxg3 f6 23. Bd3 g6 24. c4 dxc4 25. Bxc4 Rad8 26. Re1 Kg7 27. Re6 Rd1+ 28. Kh2 Rd2 29. Bc3 Rxf2 30. Nd5 Kh6 31. Rxb6 Bxd5 32. Bxd5 Rc2 33. Bd4 Rd2 34. Be3+ 1-0

[Event "FIDE WCC Blitz Women 2019"]
[Site "Moscow"]
[Date "2019.12.30"]
[Round "14.36"]
[White "Assaubayeva, Bibisara"]
[Black "Belenkaya, Dina"]
[Result "0-1"]
[WhiteElo "2323"]
[BlackElo "2203"]
[Annotator "NA"]
[PlyCount "70"]
[EventDate "2019.12.29"]
[EventType "swiss"]
[EventCountry "RUS"]
[SourceTitle "playchess.com"]
[Source "ChessBase"]
[SourceQuality "1"]

1. d4 d5 2. c4 dxc4 3. Nf3 Nf6 4. e3 e6 5. Bxc4 a6 6. O-O c5 7. b3 b6 8. Bb2 Bb7 9. Nbd2 Nbd7 10. Be2 Bd6 11. Nc4 Bc7 12. Rc1 O-O 13. dxc5 Nxc5 14. Nd4 Rc8 15. Bf3 Bxf3 16. Nxf3 Nd3 17. Bxf6 gxf6 18. Rc3 Ne5 19. Qxd8 Nxf3+ 20. gxf3 Rcxd8 21. Rc2 Rd5 22. Nd2 Bd6 23. Ne4 Be7 24. Rc7 Bd8 25. Rc8 Kg7 26. Rfc1 f5 27. Nc3 Rd2 28. a3 Bh4 29. Rxf8 Bxf2+ 30. Kh1 Kxf8 31. e4 Be3 32. Re1 Bd4 33. Ne2 fxe4 34. fxe4 Bf2 35. Rc1 Rxe2 0-1

[Event "FIDE WCC Blitz Women 2019"]
[Site "Moscow"]
[Date "2019.12.30"]
[Round "14.37"]
[White "Mammadzada, Gunay"]
[Black "Manakova, Maria"]
[Result "0-1"]
[WhiteElo "2314"]
[BlackElo "2149"]
[Annotator "NA"]
[PlyCount "56"]
[EventDate "2019.12.29"]
[EventType "swiss"]
[EventCountry "RUS"]
[SourceTitle "playchess.com"]
[Source "ChessBase"]
[SourceQuality "1"]

1. e4 c5 2. Nf3 Nc6 3. d4 cxd4 4. Nxd4 Nf6 5. Nc3 e5 6. Ndb5 d6 7. Bg5 a6 8. Na3 b5 9. Nd5 Be7 10. Bxf6 Bxf6 11. c3 Bg5 12. Nc2 O-O 13. a4 bxa4 14. Rxa4 a5 15. Bc4 Rb8 16. b3 Kh8 17. Nce3 g6 18. O-O f5 19. exf5 gxf5 20. Kh1 f4 21. Nc2 e4 22. Qh5 Ne5 23. f3 Bd7 24. Ra2 a4 25. Nd4 e3 26. Rb2 Nxc4 27. bxc4 Rxb2 28. c5 dxc5 0-1

[Event "FIDE WCC Blitz Women 2019"]
[Site "Moscow"]
[Date "2019.12.30"]
[Round "14.38"]
[White "Nosacheva, Mariya"]
[Black "Nebolsina, Vera"]
[Result "0-1"]
[WhiteElo "2062"]
[BlackElo "2252"]
[Annotator "NA"]
[PlyCount "78"]
[EventDate "2019.12.29"]
[EventType "swiss"]
[EventCountry "RUS"]
[SourceTitle "playchess.com"]
[Source "ChessBase"]
[SourceQuality "1"]

1. e4 g6 2. d4 Bg7 3. c4 d6 4. Nc3 Nf6 5. f3 O-O 6. Be3 Nbd7 7. Nge2 c5 8. d5 Ne5 9. Nc1 e6 10. Qd2 exd5 11. cxd5 a6 12. a4 Rb8 13. a5 b5 14. axb6 Rxb6 15. Be2 Rb4 16. O-O Qb6 17. b3 Qb7 18. Bxa6 Qc7 19. Bxc8 Rxc8 20. Ra6 c4 21. Ra7 Qb8 22. N3a2 Rxb3 23. Nxb3 cxb3 24. Nc3 Nc4 25. Qf2 Nxe3 26. Qxe3 Rxc3 27. Qxc3 Qxa7+ 28. Kh1 b2 29. Qc8+ Bf8 30. Qc3 Bg7 31. Qc8+ Bf8 32. Qc3 Qa2 33. Qc2 Nd7 34. Rb1 Bg7 35. f4 Nc5 36. e5 dxe5 37. Rxb2 Qa5 38. Rb8+ Bf8 39. d6 Qe1# 0-1

[Event "FIDE WCC Blitz Women 2019"]
[Site "Moscow"]
[Date "2019.12.30"]
[Round "14.39"]
[White "Gevorgyan, Maria"]
[Black "Munkhzul, Turmunkh"]
[Result "0-1"]
[WhiteElo "2244"]
[BlackElo "2139"]
[Annotator "NA"]
[PlyCount "72"]
[EventDate "2019.12.29"]
[EventType "swiss"]
[EventCountry "RUS"]
[SourceTitle "playchess.com"]
[Source "ChessBase"]
[SourceQuality "1"]

1. e4 e5 2. Nf3 Nc6 3. d4 exd4 4. Nxd4 Bc5 5. Nb3 Bb6 6. Nc3 d6 7. Qe2 Be6 8. Nd5 Nge7 9. Bg5 f6 10. Bxf6 gxf6 11. Nxf6+ Kf7 12. Nh5 Ne5 13. Nf4 Qd7 14. Qh5+ N7g6 15. h3 Raf8 16. Nxe6 Kxe6 17. O-O-O Qf7 18. Qe2 Qxf2 19. Qb5 a6 20. Qd5+ Ke7 21. Qxb7 a5 22. Bc4 Nxc4 23. e5 Ncxe5 24. Rhe1 a4 25. Nd4 Bxd4 26. Qxc7+ Kf6 27. Qxd6+ Kg7 28. Qxd4 Qxd4 29. Rxd4 Rf2 30. g4 Rc8 31. c3 a3 32. b3 Rxc3+ 33. Kb1 Rb2+ 34. Ka1 Rcc2 35. Rc4 Rxa2+ 36. Kb1 Rcb2+ 0-1

[Event "FIDE WCC Blitz Women 2019"]
[Site "Moscow"]
[Date "2019.12.30"]
[Round "14.40"]
[White "Serikbay, Assel"]
[Black "Doluhanova, Evgeniya"]
[Result "0-1"]
[WhiteElo "2028"]
[BlackElo "2222"]
[Annotator "NA"]
[PlyCount "104"]
[EventDate "2019.12.29"]
[EventType "swiss"]
[EventCountry "RUS"]
[SourceTitle "playchess.com"]
[Source "ChessBase"]
[SourceQuality "1"]

1. d4 Nf6 2. c4 e6 3. g3 d5 4. Nf3 Bb4+ 5. Bd2 Bd6 6. Bg2 O-O 7. O-O c6 8. Qc2 Bc7 9. Rd1 Nbd7 10. Nc3 Qe7 11. e4 dxe4 12. Nxe4 Nxe4 13. Qxe4 e5 14. Re1 f5 15. Qc2 e4 16. Ng5 h6 17. Nh3 Qf7 18. f3 exf3 19. Bxf3 Nf6 20. Nf4 g5 21. Nd3 Ne4 22. Ne5 Bxe5 23. dxe5 Nxd2 24. Qxd2 Be6 25. b3 f4 26. g4 Rad8 27. Qc3 h5 28. h3 hxg4 29. hxg4 Qh7 30. Rad1 Qh3 31. Qc2 Kg7 32. Qg2 Qh4 33. Rf1 Rh8 34. Rd6 Rxd6 35. exd6 Qh3 36. Re1 Kf7 37. Qxh3 Rxh3 38. Kg2 Rh8 39. c5 Rd8 40. Rh1 b6 41. b4 a5 42. cxb6 axb4 43. Rh7+ Kf6 44. b7 Rb8 45. Bxc6 Ke5 46. d7 Kd6 47. Be4 Bxa2 48. Rh6+ Kc7 49. Rc6+ Kxd7 50. Rc8 Rxb7 51. Bxb7 Bd5+ 52. Bxd5 Kxc8 0-1

[Event "FIDE WCC Blitz Women 2019"]
[Site "Moscow"]
[Date "2019.12.30"]
[Round "14.41"]
[White "Song, Yuxin"]
[Black "Kovanova, Baira"]
[Result "1/2-1/2"]
[WhiteElo "2128"]
[BlackElo "2218"]
[Annotator "NA"]
[PlyCount "151"]
[EventDate "2019.12.29"]
[EventType "swiss"]
[EventCountry "RUS"]
[SourceTitle "playchess.com"]
[Source "ChessBase"]
[SourceQuality "1"]

1. e4 d6 2. d4 g6 3. Nc3 Bg7 4. Nf3 c6 5. a4 Nf6 6. Be2 Nbd7 7. O-O e5 8. dxe5 dxe5 9. b3 O-O 10. Ba3 Re8 11. Qd2 a5 12. Rfd1 Qb6 13. h3 Nh5 14. Bc4 Nf8 15. Qd6 Be6 16. Bc5 Qd8 17. Qxd8 Rexd8 18. Rxd8 Rxd8 19. Bb6 Ra8 20. Bxe6 Nxe6 21. Rd1 Nf6 22. Nxe5 Nxe4 23. Nxe4 Bxe5 24. Rd7 Rb8 25. Bxa5 Nd4 26. Ng5 b6 27. Nxf7 Bg7 28. Bd2 Nxc2 29. Rd8+ Rxd8 30. Nxd8 Nd4 31. b4 Nb3 32. Be1 c5 33. bxc5 Nxc5 34. a5 bxa5 35. Bxa5 Bf6 36. Nc6 Kf7 37. g3 Nd3 38. Kg2 Ne5 39. Nb4 Nc4 40. Bc7 Be7 41. Nd3 Bf6 42. h4 Nd2 43. Bf4 Ne4 44. Kf3 Nc3 45. Bd2 Nd5 46. Ne1 Nb6 47. Ng2 Nc4 48. Bf4 Nb6 49. g4 Nd5 50. Bg3 Nc3 51. Ke3 Nd5+ 52. Ke4 Nc3+ 53. Kd3 Nd5 54. f4 Nb4+ 55. Ke4 Nc6 56. Ne3 Nd4 57. Nd5 Bg7 58. f5 gxf5+ 59. gxf5 Nb5 60. Be1 Nd6+ 61. Kf4 Bh6+ 62. Kg4 Ne4 63. Nb4 Nf6+ 64. Kf3 Bf8 65. Nd3 Nd5 66. Ke4 Nf6+ 67. Kf4 Bd6+ 68. Kg5 Bf8 69. Bc3 Ne4+ 70. Kf4 Nxc3 71. Ne5+ Kg7 72. Ng4 Bd6+ 73. Kg5 Ne4+ 74. Kh5 Bf4 75. f6+ Nxf6+ 76. Nxf6 1/2-1/2

[Event "FIDE WCC Blitz Women 2019"]
[Site "Moscow"]
[Date "2019.12.30"]
[Round "14.42"]
[White "Atalik, Ekaterina"]
[Black "Dauletova, Gulmira"]
[Result "1-0"]
[WhiteElo "2211"]
[BlackElo "2112"]
[Annotator "NA"]
[PlyCount "97"]
[EventDate "2019.12.29"]
[EventType "swiss"]
[EventCountry "RUS"]
[SourceTitle "playchess.com"]
[Source "ChessBase"]
[SourceQuality "1"]

1. Nf3 d6 2. d4 g6 3. g3 Bg7 4. Bg2 Nd7 5. O-O e6 6. b3 Ne7 7. e4 O-O 8. Bb2 a6 9. c4 b5 10. Nbd2 Bb7 11. Qe2 c6 12. e5 d5 13. Ba3 Re8 14. Bd6 Nf5 15. c5 a5 16. g4 Nxd6 17. cxd6 c5 18. dxc5 Nxc5 19. Nd4 Ba6 20. Nc6 Qd7 21. Nxa5 b4 22. Nac4 dxc4 23. Nxc4 Rab8 24. Rac1 Rec8 25. Qe3 Qd8 26. Rc2 Nd7 27. f4 Bxc4 28. bxc4 Qb6 29. Qxb6 Rxb6 30. c5 Rxc5 31. Rxc5 Nxc5 32. Rc1 Nd7 33. Rc8+ Bf8 34. Bc6 Nb8 35. d7 Nxd7 36. Bxd7 Kg7 37. Rc7 Ra6 38. Be8 Rxa2 39. Bxf7 Ra1+ 40. Kg2 Kh8 41. Bxe6 h5 42. f5 hxg4 43. f6 Re1 44. Rc8 Rxe5 45. Rxf8+ Kh7 46. f7 Rxe6 47. Rh8+ Kxh8 48. f8=Q+ Kh7 49. Qf7+ 1-0

[Event "FIDE WCC Blitz Women 2019"]
[Site "Moscow"]
[Date "2019.12.30"]
[Round "14.43"]
[White "Badelka, Olga"]
[Black "Semenova, Elena"]
[Result "1-0"]
[WhiteElo "2186"]
[BlackElo "2114"]
[Annotator "NA"]
[PlyCount "75"]
[EventDate "2019.12.29"]
[EventType "swiss"]
[EventCountry "RUS"]
[SourceTitle "playchess.com"]
[Source "ChessBase"]
[SourceQuality "1"]

1. c4 f5 2. Nf3 Nf6 3. g3 d6 4. d4 g6 5. Bg2 Bg7 6. Nc3 c6 7. b3 O-O 8. Bb2 Na6 9. O-O Qc7 10. Re1 e5 11. dxe5 dxe5 12. e4 f4 13. Na4 Bg4 14. h3 Rad8 15. Qe2 Bxf3 16. Bxf3 fxg3 17. fxg3 Nd7 18. Rad1 Ndc5 19. Nxc5 Nxc5 20. Kg2 Ne6 21. Bg4 Nd4 22. Bxd4 Rxd4 23. Rxd4 exd4 24. e5 d3 25. Qxd3 Bxe5 26. Qe3 Bd6 27. Be6+ Kg7 28. Qd4+ Rf6 29. g4 c5 30. Qc3 Bf4 31. Bd5 g5 32. Re6 Qd8 33. Qe1 Kg6 34. Qe4+ Kg7 35. Re7+ Kf8 36. Rxh7 Bd6 37. Rh8+ Kg7 38. Qh7# 1-0

[Event "FIDE WCC Blitz Women 2019"]
[Site "Moscow"]
[Date "2019.12.30"]
[Round "14.44"]
[White "Zhuravleva, Olga"]
[Black "Kulon, Klaudia"]
[Result "1/2-1/2"]
[WhiteElo "2127"]
[BlackElo "2457"]
[Annotator "ChessBase"]
[PlyCount "177"]
[EventDate "2019.12.29"]
[EventType "swiss"]
[EventCountry "RUS"]
[SourceTitle "playchess.com"]
[Source "ChessBase"]
[SourceQuality "1"]

1. e4 d5 2. exd5 Qxd5 3. Nc3 Qd8 4. d4 g6 5. Bf4 Bg7 6. Nf3 Nf6 7. Qd2 Bf5 8. Bc4 Nc6 9. O-O-O Bg4 10. Ng5 O-O 11. f3 Bc8 12. Nb5 Ne8 13. Rhe1 a6 14. Nc3 Qxd4 15. Qxd4 Bxd4 16. Nd5 e5 17. Bg3 h6 18. Ne4 Kg7 19. c3 Ba7 20. Nd2 f6 21. f4 Bg4 22. Nf3 Nd6 23. Bd3 exf4 24. Bxf4 Rf7 25. Nxc7 Rxc7 26. Bxd6 Rd7 27. Bg3 Rad8 28. Bc2 Na5 29. Rxd7+ Rxd7 30. b3 h5 31. Nd2 g5 32. h3 h4 33. Bh2 Bh5 34. Ne4 Bg6 35. Rf1 Be3+ 36. Kb1 Bxe4 37. Bxe4 Rd2 38. Bc7 Nc6 39. Re1 Bf2 40. Rf1 Bg3 41. Bb6 Be5 42. Rf3 Rxg2 43. Bc5 Rh2 44. Bf5 a5 45. Rd3 Kg8 46. Rd7 Re2 47. Rxb7 Rd2 48. Rb6 Nd8 49. Ra6 Kf7 50. Ra7+ Kg8 51. Bb6 Nf7 52. Be6 Bxc3 53. Bxf7+ Kg7 54. Bc4+ Kg6 55. Bxa5 Bxa5 56. Rxa5 g4 57. hxg4 h3 58. Rh5 h2 59. Kc1 Rxa2 60. Bd5 Kg7 61. Kd1 Kf8 62. Ke1 Ke7 63. Kf1 Kd6 64. Be4 Ke6 65. Bd5+ Kd6 66. Bg2 Rb2 67. Rxh2 Rxb3 68. Rh3 Rb2 69. Re3 Ra2 70. Kg1 Ra4 71. Bf3 Rf4 72. Kg2 Ra4 73. Kg3 Rb4 74. Re4 Rb3 75. Kf4 Kd7 76. Rd4+ Ke7 77. Ra4 Rc3 78. Ra7+ Ke6 79. Ra6+ Kf7 80. Bd5+ Kg6 81. Be4+ Kg7 82. Ra7+ Kf8 83. Kf5 Rb3 84. Kxf6 Rb6+ 85. Kf5 Rb5+ 86. Ke6 Rb6+ 87. Ke5 Kg8 88. Bd5+ Kf8 89. g5 1/2-1/2

[Event "FIDE WCC Blitz Women 2019"]
[Site "Moscow"]
[Date "2019.12.30"]
[Round "14.45"]
[White "Tomilova, Elena"]
[Black "Khokhlova, Daria"]
[Result "1-0"]
[WhiteElo "2219"]
[BlackElo "2109"]
[Annotator "NA"]
[PlyCount "102"]
[EventDate "2019.12.29"]
[EventType "swiss"]
[EventCountry "RUS"]
[SourceTitle "playchess.com"]
[Source "ChessBase"]
[SourceQuality "1"]

1. e4 c5 2. Nf3 d6 3. d4 cxd4 4. Qxd4 Nc6 5. Bb5 Bd7 6. Bxc6 Bxc6 7. Nc3 Nf6 8. Bg5 e5 9. Qe3 h6 10. Bxf6 Qxf6 11. O-O Be7 12. Rad1 O-O 13. Nd5 Bxd5 14. Rxd5 Qe6 15. Rfd1 Kh7 16. Qb3 b6 17. Nd2 g6 18. Rd3 Qxb3 19. axb3 b5 20. Nf1 f5 21. f3 Rfc8 22. c3 Bf8 23. Ne3 fxe4 24. fxe4 a5 25. Nd5 Ra6 26. Rf1 Ra7 27. g3 Bg7 28. Kg2 Rf8 29. Rxf8 Bxf8 30. Nf6+ Kh8 31. h4 a4 32. bxa4 Rxa4 33. Nd5 Ra2 34. Rd2 Kg7 35. Kf3 Ra7 36. Ke2 Kf7 37. Ke3 Ke6 38. Rd1 Bg7 39. Rf1 h5 40. Kd3 Rf7 41. Rxf7 Kxf7 42. Nc7 b4 43. cxb4 Ke7 44. b5 Kd7 45. Nd5 Bh6 46. b3 Bc1 47. Kc4 Bd2 48. b6 Kc6 49. Ne7+ Kxb6 50. Nxg6 Be1 51. Ne7 Bf2 1-0

[Event "FIDE WCC Blitz Women 2019"]
[Site "Moscow"]
[Date "2019.12.30"]
[Round "14.46"]
[White "Nazarova, Anastasia"]
[Black "Lysenko, Margarita"]
[Result "0-1"]
[WhiteElo "2049"]
[BlackElo "2188"]
[Annotator "NA"]
[PlyCount "142"]
[EventDate "2019.12.29"]
[EventType "swiss"]
[EventCountry "RUS"]
[SourceTitle "playchess.com"]
[Source "ChessBase"]
[SourceQuality "1"]

1. e4 c5 2. Nf3 d6 3. d4 cxd4 4. Nxd4 Nf6 5. Nc3 a6 6. Be3 e5 7. Nb3 Be6 8. f3 h5 9. Qd2 Nbd7 10. O-O-O Rc8 11. Kb1 Be7 12. h3 h4 13. Bd3 b5 14. Rhe1 Nb6 15. f4 Qc7 16. f5 Bd7 17. Bg5 Bc6 18. Na5 Ba8 19. Nb3 Bc6 20. Na5 Ba8 21. Nb3 Qb7 22. Bxf6 Bxf6 23. Be2 Be7 24. Bd3 Qc7 25. Qf2 Kf8 26. Qf3 Nc4 27. Bxc4 bxc4 28. Nc1 Rb8 29. N1e2 Qa5 30. Ka1 Qb4 31. Rb1 a5 32. a3 Qc5 33. Red1 Qc7 34. Nd5 Bxd5 35. Rxd5 f6 36. Nc3 Kf7 37. Rd2 Qb7 38. Qe2 Rhc8 39. Rd5 Qc7 40. Rd2 Rb7 41. Rdd1 Rcb8 42. Qe3 Qc6 43. Nd5 Rb5 44. Qc3 a4 45. Re1 Rc5 46. Nb4 Qb7 47. Rbd1 Rbc8 48. Rd5 Rb5 49. Rxb5 Qxb5 50. Rd1 Qc5 51. Nd5 Bf8 52. Nb4 Qf2 53. Rd2 Qf1+ 54. Ka2 Qe1 55. Rd5 Qxe4 56. Ra5 Qxf5 57. Ra7+ Kg8 58. Nd5 Qe6 59. Nc7 Qf7 60. Nb5 Qd5 61. Rd7 Qc6 62. Na7 Qxd7 63. Nxc8 Qxc8 64. Qb4 Qc6 65. Qa5 d5 66. Qa7 d4 67. Qb8 d3 68. cxd3 cxd3 69. Qd8 Qc4+ 70. Ka1 e4 71. Qd7 e3 0-1

[Event "FIDE WCC Blitz Women 2019"]
[Site "Moscow"]
[Date "2019.12.30"]
[Round "14.47"]
[White "Borisova, Ekaterina"]
[Black "Nilssen, Ellen Fredericia"]
[Result "1-0"]
[WhiteElo "2029"]
[BlackElo "2162"]
[Annotator "NA"]
[PlyCount "79"]
[EventDate "2019.12.29"]
[EventType "swiss"]
[EventCountry "RUS"]
[SourceTitle "playchess.com"]
[Source "ChessBase"]
[SourceQuality "1"]

1. Nf3 Nf6 2. g3 g6 3. Bg2 Bg7 4. d4 d5 5. c4 O-O 6. cxd5 Nxd5 7. O-O Nb6 8. Nc3 Nc6 9. e3 Re8 10. Re1 e5 11. d5 Na5 12. e4 Nac4 13. b3 Nd6 14. a4 a5 15. Be3 Nd7 16. Rc1 f5 17. Bg5 Nf6 18. exf5 e4 19. Nd4 gxf5 20. Qd2 Qe7 21. Ncb5 Nxb5 22. Nxb5 c6 23. d6 Qf7 24. Nc7 Be6 25. Nxa8 Rxa8 26. f3 exf3 27. Bxf3 Bxb3 28. Re7 Qg6 29. Rxb7 Ne4 30. Bxe4 fxe4 31. Rxb3 Qe6 32. Re3 h6 33. Bf4 Rd8 34. Rce1 Qc4 35. Rxe4 Qc5+ 36. Kg2 Bc3 37. Qa2+ Kh8 38. Qf7 Bg7 39. Bxh6 Bxh6 40. Re8+ 1-0

[Event "FIDE WCC Blitz Women 2019"]
[Site "Moscow"]
[Date "2019.12.30"]
[Round "14.48"]
[White "Bulatova, Kamaliya"]
[Black "Shumilina, Alexandra"]
[Result "1/2-1/2"]
[WhiteElo "2038"]
[BlackElo "2139"]
[Annotator "NA"]
[PlyCount "156"]
[EventDate "2019.12.29"]
[EventType "swiss"]
[EventCountry "RUS"]
[SourceTitle "playchess.com"]
[Source "ChessBase"]
[SourceQuality "1"]

1. d4 d5 2. Bf4 Nf6 3. e3 c6 4. Nd2 Bf5 5. c4 e6 6. Qb3 Qc8 7. Ngf3 Be7 8. h3 O-O 9. Be2 Nbd7 10. Rc1 h6 11. O-O Ne4 12. Nxe4 Bxe4 13. Ne5 Nxe5 14. Bxe5 Qd7 15. f3 Bg6 16. Rfe1 Rad8 17. Bf1 Bh4 18. Red1 Be7 19. Qa4 a6 20. Qa5 Rc8 21. Bg3 Rfd8 22. Qe1 dxc4 23. Bxc4 b5 24. Bb3 Qb7 25. Bf2 c5 26. dxc5 Rxd1 27. Rxd1 Bxc5 28. e4 Qb6 29. Bxc5 Qxc5+ 30. Kh1 Qe5 31. Qd2 Kh7 32. a4 bxa4 33. Bxa4 Rb8 34. b3 f5 35. Qd6 Qxd6 36. Rxd6 fxe4 37. fxe4 Bxe4 38. Rxe6 Bd3 39. Re3 Rd8 40. Kh2 Rd6 41. Be8 Bf1 42. Re1 Bb5 43. Bh5 Rd2 44. Bf3 Kg6 45. Kg3 Rd3 46. Re6+ Kf7 47. Rb6 Rxb3 48. Kf4 Rb4+ 49. Ke5 Rb2 50. Bd5+ Kf8 51. Rb8+ Ke7 52. Rb7+ Kd8 53. Rxg7 Be8 54. Ra7 Rb6 55. Ra8+ Ke7 56. Ra7+ Bd7 57. g4 Rb1 58. Bc6 Re1+ 59. Kf4 Rd1 60. Bxd7 Rxd7 61. Rxa6 h5 62. gxh5 Kf7 63. Ra5 Kg7 64. Kg5 Kh7 65. Rf5 Re7 66. h4 Rg7+ 67. Kf4 Re7 68. Rf6 Rg7 69. Kf5 Ra7 70. Kg5 Ra5+ 71. Rf5 Rxf5+ 72. Kxf5 Kh6 73. Kg4 Kh7 74. Kg5 Kg7 75. h6+ Kh7 76. Kh5 Kh8 77. Kg6 Kg8 78. h5 Kh8 1/2-1/2

[Event "FIDE WCC Blitz Women 2019"]
[Site "Moscow"]
[Date "2019.12.30"]
[Round "14.49"]
[White "Protopopova, Anastasiya"]
[Black "Druzhinina, Olga"]
[Result "1-0"]
[WhiteElo "2084"]
[BlackElo "2245"]
[Annotator "NA"]
[PlyCount "139"]
[EventDate "2019.12.29"]
[EventType "swiss"]
[EventCountry "RUS"]
[SourceTitle "playchess.com"]
[Source "ChessBase"]
[SourceQuality "1"]

1. d4 Nf6 2. c4 g6 3. Nc3 d5 4. Nf3 Bg7 5. h4 dxc4 6. e4 c5 7. d5 Bg4 8. Bxc4 O-O 9. e5 Nfd7 10. e6 Ne5 11. Be2 fxe6 12. Nxe5 Bxe2 13. Qxe2 exd5 14. Bg5 d4 15. O-O-O Bxe5 16. Qxe5 Nc6 17. Qe6+ Kh8 18. h5 Qc8 19. Qxc8 Raxc8 20. Ne4 gxh5 21. Rxh5 Rf7 22. Rdh1 Ne5 23. f4 Ng4 24. R1h3 c4 25. Kd2 Rd8 26. f5 Rd5 27. f6 exf6 28. Bf4 Rxh5 29. Rxh5 Re7 30. Ng3 Kg7 31. Rd5 Kf7 32. Rxd4 Ne5 33. Bxe5 fxe5 34. Rxc4 Ke6 35. Ke3 Rg7 36. Kf2 Kd5 37. Rc8 Rf7+ 38. Ke2 e4 39. Rd8+ Ke5 40. Re8+ Kd5 41. Nxe4 Rg7 42. g3 b5 43. Nc3+ Kc5 44. Re5+ Kd6 45. Rxb5 Rxg3 46. Ne4+ Kc6 47. Nxg3 Kxb5 48. Kd3 Kb4 49. Kd4 a5 50. Nh5 h6 51. Ng3 a4 52. Nh5 Kb5 53. Kc3 a3 54. bxa3 Ka4 55. Kb2 Ka5 56. Kb3 Kb5 57. a4+ Ka5 58. a3 Kb6 59. Kb4 Ka6 60. a5 Kb7 61. Kb5 Ka7 62. a6 Kb8 63. Kb6 Ka8 64. Ng3 h5 65. Nxh5 Kb8 66. Nf6 Ka8 67. a4 Kb8 68. Nd5 Ka8 69. a5 Kb8 70. a7+ 1-0

[Event "FIDE WCC Blitz Women 2019"]
[Site "Moscow"]
[Date "2019.12.30"]
[Round "14.50"]
[White "Paramzina, Anastasya"]
[Black "Antova, Gabriela"]
[Result "1-0"]
[WhiteElo "2203"]
[BlackElo "1965"]
[Annotator "NA"]
[PlyCount "63"]
[EventDate "2019.12.29"]
[EventType "swiss"]
[EventCountry "RUS"]
[SourceTitle "playchess.com"]
[Source "ChessBase"]
[SourceQuality "1"]

1. e4 c5 2. Nf3 d6 3. d4 cxd4 4. Nxd4 Nf6 5. Nc3 a6 6. Bd3 g6 7. f3 Bg7 8. Be3 Nc6 9. Qd2 Bd7 10. O-O-O b5 11. Nxc6 Bxc6 12. Ne2 Rc8 13. Nd4 Bd7 14. Bh6 O-O 15. Bxg7 Kxg7 16. g4 Qb6 17. Ne2 b4 18. g5 Ne8 19. h4 b3 20. axb3 Qxb3 21. Kb1 Qa4 22. h5 Be6 23. Nc1 Rh8 24. f4 Nc7 25. f5 Bc4 26. Qc3+ Kg8 27. Qxc4 Qd7 28. Qd4 Nb5 29. Bxb5 axb5 30. h6 f6 31. gxf6 Rc4 32. Qd5+ 1-0

[Event "FIDE WCC Blitz Women 2019"]
[Site "Moscow"]
[Date "2019.12.30"]
[Round "14.51"]
[White "Geller, Anastasiya"]
[Black "Ovod, Evgenija"]
[Result "1-0"]
[WhiteElo "2073"]
[BlackElo "2163"]
[Annotator "NA"]
[PlyCount "59"]
[EventDate "2019.12.29"]
[EventType "swiss"]
[EventCountry "RUS"]
[SourceTitle "playchess.com"]
[Source "ChessBase"]
[SourceQuality "1"]

1. e4 e5 2. Nf3 Nc6 3. d4 exd4 4. Nxd4 Bc5 5. Be3 Bb6 6. Nc3 Nge7 7. Qd2 O-O 8. Bc4 d6 9. h4 Ne5 10. Be2 Ng4 11. Bxg4 Bxg4 12. f3 Bd7 13. h5 f5 14. exf5 Nxf5 15. Nxf5 Bxf5 16. O-O-O Bxe3 17. Qxe3 Qe8 18. Qd4 Qf7 19. h6 Rfe8 20. hxg7 Qxg7 21. Qh4 Bg6 22. g4 b5 23. f4 b4 24. Nd5 Re2 25. f5 Bf7 26. Nf6+ Kf8 27. Nxh7+ Ke8 28. Ng5 Kd7 29. Nxf7 Qxf7 30. Qh7 1-0

[Event "FIDE WCC Blitz Women 2019"]
[Site "Moscow"]
[Date "2019.12.30"]
[Round "14.52"]
[White "Gvanceladze, Anna"]
[Black "Yakimova, Mariya"]
[Result "1/2-1/2"]
[WhiteElo "2066"]
[BlackElo "2128"]
[Annotator "NA"]
[PlyCount "76"]
[EventDate "2019.12.29"]
[EventType "swiss"]
[EventCountry "RUS"]
[SourceTitle "playchess.com"]
[Source "ChessBase"]
[SourceQuality "1"]

1. Nf3 Nf6 2. c4 g6 3. g3 Bg7 4. Bg2 O-O 5. O-O d6 6. Nc3 e5 7. d3 Nc6 8. Rb1 a5 9. a3 Re8 10. b4 axb4 11. axb4 d5 12. cxd5 Nxd5 13. Nxd5 Qxd5 14. Be3 Qd8 15. b5 Nd4 16. Nxd4 exd4 17. Bf4 Ra2 18. Bf3 Bh3 19. Re1 Qc8 20. Qc1 Re7 21. Qc4 Be6 22. Qb4 Rd7 23. Rec1 h6 24. Rb2 Rxb2 25. Qxb2 g5 26. Bd2 Re7 27. Bb4 Rd7 28. Qa1 g4 29. Bg2 Bd5 30. Bxd5 Rxd5 31. Rc5 Rxc5 32. Bxc5 Qe8 33. Bxd4 Bxd4 34. Qxd4 Qxe2 35. Qd8+ Kg7 36. Qxc7 Qd1+ 37. Kg2 Qf3+ 38. Kg1 Qd1+ 1/2-1/2